Türk Ceza Hukuku : (Record no. 200003109)
[ view plain ]
| 000 -LEADER | |
|---|---|
| fixed length control field | 00844 a2200265 4500 |
| 001 - CONTROL NUMBER | |
| control field | 200003109 |
| 003 - CONTROL NUMBER IDENTIFIER | |
| control field | TR-AnTOB |
| 005 - DATE AND TIME OF LATEST TRANSACTION | |
| control field | 20240829130942.0 |
| 008 - FIXED-LENGTH DATA ELEMENTS--GENERAL INFORMATION | |
| fixed length control field | 111206e2010 tu 001 0 |
| 020 ## - INTERNATIONAL STANDARD BOOK NUMBER | |
| International Standard Book Number | 9757100157 |
| 040 ## - CATALOGING SOURCE | |
| Original cataloging agency | TR-AnTOB |
| 041 0# - LANGUAGE CODE | |
| Language code of text/sound track or separate title | Türkçe |
| 050 00 - LIBRARY OF CONGRESS CALL NUMBER | |
| Classification number | KKX3800 |
| Item number | .H345 2010 |
| 090 ## - LOCALLY ASSIGNED LC-TYPE CALL NUMBER (OCLC); LOCAL CALL NUMBER (RLIN) | |
| Classification number (OCLC) (R) ; Classification number, CALL (RLIN) (NR) | KKX3800 .H345 2010 |
| 100 1# - MAIN ENTRY--PERSONAL NAME | |
| Personal name | Hafızoğulları, Zeki |
| 9 (RLIN) | 106158 |
| 245 10 - TITLE STATEMENT | |
| Title | Türk Ceza Hukuku : |
| Remainder of title | özel hükümler: |
| -- | kişilere karşı suçlar / |
| Statement of responsibility, etc. | Zeki Hafızoğulları, Muharrem Özen. |
| 264 #1 - PRODUCTION, PUBLICATION, DISTRIBUTION, MANUFACTURE, AND COPYRIGHT NOTICE | |
| Place of production, publication, distribution, manufacture | Ankara: |
| Name of producer, publisher, distributor, manufacturer | US-A Yayıncılık , |
| Date of production, publication, distribution, manufacture, or copyright notice | 2010. |
| 300 ## - PHYSICAL DESCRIPTION | |
| Extent | xxxix, 406 p. : |
| Dimensions | 25 cm. |
| 504 ## - BIBLIOGRAPHY, ETC. NOTE | |
| Bibliography, etc. note | |
| 650 #0 - SUBJECT ADDED ENTRY--TOPICAL TERM | |
| Topical term or geographic name entry element | Criminal law |
| Geographic subdivision | Turkey |
| General subdivision | Turkey. |
| 9 (RLIN) | 39535 |
| 650 #7 - SUBJECT ADDED ENTRY--TOPICAL TERM | |
| Topical term or geographic name entry element | Ceza hukuku |
| Geographic subdivision | Türkiye |
| General subdivision | Türkiye. |
| Source of heading or term | etuturkob |
| 9 (RLIN) | 48989 |
| 700 1# - ADDED ENTRY--PERSONAL NAME | |
| Personal name | Özen, Muharrem, |
| Dates associated with a name | 1964- |
| 9 (RLIN) | 121502 |
| 942 ## - ADDED ENTRY ELEMENTS (KOHA) | |
| Koha item type | Book |
| Withdrawn status | Lost status | Source of classification or shelving scheme | Not for loan | Collection code | Home library | Current library | Shelving location | Date acquired | Source of acquisition | Cost, normal purchase price | Inventory number | Total Checkouts | Total Holds | Full call number | Barcode | Copy number | Cost, replacement price | Date shelved | Koha item type | Total Renewals | Date last seen | Date last checked out |
|---|---|---|---|---|---|---|---|---|---|---|---|---|---|---|---|---|---|---|---|---|---|---|
| Library of Congress Classification | Ödünç Verilebilir / Available | Genel Koleksiyon | Merkez Kütüphane | Merkez Kütüphane | Genel Koleksiyon / Main Collection | 04/03/2011 | Satın Alma / Purchase | 45.00 | HUK | KKX3800 .H345k 2010 | 0035935 | 1 | 35.19 | 21/02/2011 | Book | |||||||
| Library of Congress Classification | Ödünç Verilebilir / Available | Genel Koleksiyon | Merkez Kütüphane | Merkez Kütüphane | Genel Koleksiyon / Main Collection | 04/03/2011 | Satın Alma / Purchase | 45.00 | HUK | 1 | KKX3800 .H345k 2010 c.2 | 0035936 | 2 | 35.19 | 22/02/2011 | Book | 1 | 09/11/2017 | 05/10/2017 | |||
| Library of Congress Classification | Ödünç Verilebilir / Available | Genel Koleksiyon | Merkez Kütüphane | Merkez Kütüphane | Genel Koleksiyon / Main Collection | 04/03/2011 | Satın Alma / Purchase | 45.00 | HUK | 1 | KKX3800 .H345k 2010 c.3 | 0035937 | 3 | 35.19 | 22/02/2011 | Book | 2 | 22/01/2019 | 16/11/2018 |
